00442nam a2200145 a 4500008004100000020001800041050001900059100002500078245007900103250001200182260003700194300002200231350001100253650003200264170113s2009 ||||||||||||||||| || u a9781597492720 aTK 7882.P3 Ser aTheodoridis, Sergios10aPattern RecognitioncBy Sergios Theodoridis [and] Konstantinos Koutroumbas a4th ed. aAmsterdam:bAcademic Pressc2009 axvii, 961p.: ill. a109.00 aPATTERN RECOGNITION SYSTEMS